Brad Pitt Movie by Picture - Statistics

General Stats
  • This quiz has been taken 59 times
  • The average score is 9 of 20
Answer Stats
Picture Answer % Correct
Fight Club
96%
Ocean's Eleven
84%
Troy
82%
Once Upon a Time in Hollywood
80%
Bullet Train
69%
F1
69%
Fury
62%
Meet Joe Black
53%
Thelma and Louise
49%
Adastra
47%
Mr. and Mrs. Smith
44%
World War Z
40%
The Big Short
36%
Babylon
33%
12 Years a Slave
27%
Wolfs
22%
The Lost City
18%
Allied
13%
The River Runs Through It
11%
By the Sea
7%
No matching quizzes found
Score Distribution
Percent of People with Each Score
Percentile by Number Answered
Your Score History
You have not taken this quiz